| 000 | 00906cam7a220028900 4500 | ||
|---|---|---|---|
| 001 | qce01945378 | ||
| 005 | 20190823103132.0 | ||
| 008 | 811228c19601959enk 000 0 eng u | ||
| 035 | _a(Sirsi) r56802 | ||
| 035 | _a(QCAT)lss03272679 | ||
| 035 | _a(UPRA)qce01945378 | ||
| 040 | _dUPRA | ||
| 100 | 1 |
_aBarton, Russell. _6A15655.1 |
|
| 245 | 1 | 0 | _aInstitutional neurosis. |
| 260 |
_aBristol : _bWright, _c1960, c1959. |
||
| 504 | _aBibliography: p. 55-56. | ||
| 650 | 0 |
_aPsychiatric hospitals. _6S7184.1 |
|
| 650 | 0 |
_aMentally ill -- Care. _xMentally ill -- Care. _6S7183.1 |
|
| 650 | 0 |
_aSocial isolation. _6S11259.1 |
|
| 650 | 2 |
_aEnvironment _6S6993.1 |
|
| 650 | 2 |
_aHospitals, Psychiatric _6S11260.1 |
|
| 650 | 2 |
_aNeurotic Disorders _6S11261.1 |
|
| 650 | 2 |
_aPsychotherapy _6S11262.1 |
|
| 650 | 2 |
_aSocial Isolation _6S11259.2 |
|
| 949 |
_aRC439 _wlcc _i-73965 _mMAIN _tBOOK _lON-SHELF |
||
| 004 | 56802 | ||
| 999 |
_c148820 _d148820 |
||